书目信息 |
| 题名: |
长恨歌
|
|
| 作者: | 王安忆 原著 ;赵莎 , 翁子扬 改编 | |
| 分册: | ||
| 出版信息: | 上海 上海教育出版社 2005.11 |
|
| 页数: | 133页 | |
| 开本: | 20cm | |
| 丛书名: | ||
| 单 册: | ||
| 中图分类: | J228.2 | |
| 科图分类: | ||
| 主题词: | 漫画--man hua--连环画--作品集--中国--现代 | |
| 电子资源: | ||
| ISBN: | 7-5444-0376-9 | |
| 000 | 00916nam0 2200253 450 | |
| 001 | 012006770734 | |
| 005 | 20060417194009.85 | |
| 010 | @a7-5444-0376-9@dCNY18.00 | |
| 100 | @a20060417d2005 km y0chiy0120 ea | |
| 101 | 0 | @achi |
| 102 | @aCN@b310000 | |
| 105 | @aa t 000yy | |
| 200 | 1 | @a长恨歌@Achang hen ge@f王安忆原著@Fwang an yi yuan zhu@g赵莎改编@Gzhao sha gai bian@g翁子扬绘@Gweng zi yang hui |
| 210 | @a上海@c上海教育出版社@d2005.11 | |
| 215 | @a133页@c图@d20cm | |
| 300 | @a电视剧绘本 | |
| 330 | @a本书是根据王安忆长篇小说《长恨歌》改编的同名电视剧的漫画版本。由电视剧投资方海润影视制作公司聘请画家翁子扬先生根据剧本内容创作66幅彩绘画而成。 | |
| 606 | 0 | @a漫画@Aman hua@x连环画@j作品集@y中国@z现代 |
| 690 | @aJ228.2@v4 | |
| 701 | 0 | @a王安忆@Awang an yi@4原著 |
| 702 | 0 | @a赵莎@Azhao sha@4改编 |
| 702 | 0 | @a翁子扬@Aweng zi yang@4绘 |
| 801 | 0 | @aCN@bQSSK@c20060417 |
| 905 | @a10447@dJ228.2@eW098 | |
| 长恨歌/王安忆原著/赵莎改编/翁子扬绘.-上海:上海教育出版社,2005.11 |
| 133页:图;20cm |
| 电视剧绘本 |
| ISBN 7-5444-0376-9:CNY18.00 |
| 本书是根据王安忆长篇小说《长恨歌》改编的同名电视剧的漫画版本。由电视剧投资方海润影视制作公司聘请画家翁子扬先生根据剧本内容创作66幅彩绘画而成。 |
| ● |
| 相关链接 |
|
|
|
正题名:长恨歌
索取号:J228.2/W098
 
预约/预借
| 序号 | 登录号 | 条形码 | 馆藏地/架位号 | 状态 | 备注 |
| 1 | 558169 | 205581690 | 艺术设计学院资料室/ [索取号:J228.2/W098] | 在馆 | |
| 2 | 558170 | 205581707 | 艺术设计学院资料室/ [索取号:J228.2/W098] | 在馆 | |
| 3 | 558171 | 205581716 | 社科库309/ [索取号:J228.2/W098] | 在馆 |